| 000 | 00374nam a2200145Ia 4500 | ||
|---|---|---|---|
| 008 | 240624s9999 xx 000 0 und d | ||
| 041 | _aeng | ||
| 082 | _a658.4092 DUB | ||
| 100 | _aDUBRIN ANDREW J | ||
| 245 | _aPRINCIPLES OF LEADERSHIP | ||
| 250 | _a(7th ed.) | ||
| 260 |
_c2015 _aNew Delhi _bCengage Learning |
||
| 300 | _axxxii, : 534 : p. : cm. ; 26 | ||
| 365 |
_cRS _b31 |
||
| 999 |
_c25134 _d25134 |
||